| 000 | 00447nam a2200157 i 4500 | ||
|---|---|---|---|
| 001 | 27610 | ||
| 003 | ES-MaACL | ||
| 005 | 20230906153648.0 | ||
| 007 | t| | ||
| 008 | 030115s1969 sp ||||1| spa d | ||
| 100 | 1 |
_aAraya, Guillermo. _922369 |
|
| 245 | 1 | 0 |
_aEvolución del pensamiento histórico de Américo Castro / _cGuillermo Araya. |
| 260 |
_a[Madrid : _bTaurus, _c1969] |
||
| 300 |
_a88 p. ; _c19 cm. |
||
| 852 |
_aES-MaACL _jC-40632 _bR.69931 |
||
| 999 |
_c27610 _d27610 |
||